LEADER 01085nam0 22003133i 450 001 RML0451690 005 20231121125803.0 100 $a20200218d1948 ||||0itac50 ba 101 | $afre 102 $afr 181 1$6z01$ai $bxxxe 182 1$6z01$an 200 1 $aSparte$fEugene Cavaignac 205 $a5. Ed 210 $aParis$cLibrairie Arthème Fayard$d©1948 215 $a232 p.$d19 cm 225 | $a˜Les œgrandes études historiques$v53 410 0$1001RAV0112749$12001 $a˜Les œgrandes études historiques$v53 606 $aSparta$xStoria$2FIR$3RMLC321792$9N 676 $a938$9Storia dell'antica Grecia, fino al 323.$v22 700 1$aCavaignac$b, Eugène$3CFIV077595$4070$0138652 801 3$aIT$bIT-01$c20200218 850 $aIT-FR0017 899 $aBiblioteca umanistica Giorgio Aprea$bFR0017 912 $aRML0451690 950 0$aBiblioteca umanistica Giorgio Aprea$d 52DLM L /B /42$e 52DUP0009014705 VMB RS $fA $h20181126$i20181126 977 $a 52 996 $aSparte$9521264 997 $aUNICAS